Clubs de handball de Seine-Saint-Denis (93) - Statistiques

Statistiques générales
  • Ce quiz a été pris 9 fois
  • Le résultat moyen est 15 sur 24
Statistiques - réponses
Numéro Club (ville) % Correct
19 Saint-Denis
100%
1 Aubervilliers
86%
3 Bobigny
86%
11 Montreuil
86%
22 Tremblay-en-France
86%
23 Villemomble
86%
2 Aulnay-Sous-Bois
71%
4 Bondy
71%
5 Drancy
71%
14 Noisy-le-Grand
71%
10 Montfermeil
57%
16 Pantin
57%
17 Romainville
57%
18 Rosny-sous-Bois
57%
20 Saint-Ouen
57%
6 Gagny
43%
7 Le-Blanc-Mesnil
43%
9 Livry-Gargan
43%
12 Neuilly-Plaisance
43%
13 Neuilly-sur-Marne
43%
15 Noisy-le-Sec
43%
21 Sevran
43%
8 Le Raincy
29%
24 Villepinte
29%
Aucun quiz correspondant
Distribution des résultats
% des personnes avec chaque résultat
Percentile par nombre de réponses
Votre historique - résultats
Vous n’avez pas pris ce quiz